Mittelalterliche Buchmalerei (Record no. 6656)

MARC details
000 -CABECERA
campo de control de longitud fija 00539nam a2200193 a 4500
001 - NÚMERO DE CONTROL
campo de control BRCA_6975
005 - FECHA Y HORA DE LA ÚLTIMA TRANSACCIÓN
campo de control 20190320205650.0
008 - DATOS DE LONGITUD FIJA--INFORMACIÓN GENERAL
campo de control de longitud fija 221111s1949----au-a######---#000-0#ger-#
041 ## - CÓDIGO DE LENGUA
Código de lengua del texto/banda sonora o título independiente ger
044 ## - CÓDIGO DEL PAÍS DE LA ENTIDAD EDITORA/PRODUCTORA
Código MARC del país au
050 #4 - SIGNATURA TOPOGRÁFICA DE LA BIBLIOTECA DEL CONGRESO
Número de clasificación ND3143
Número de documento/Ítem .F75
245 10 - MENCIÓN DE TÍTULO
Título Mittelalterliche Buchmalerei
Resto del título Kleinodien aus Salzburg
260 ## - PUBLICACIÓN, DISTRIBUCIÓN, ETC.
Lugar de publicación, distribución, etc. Viena
Nombre del editor, distribuidor, etc. Mirabell
Fecha de publicación, distribución, etc. c1949
300 ## - DESCRIPCIÓN FÍSICA
Extensión 83 p.
Otras características físicas il., 6 láminas
Dimensiones ?? cm.
500 ## - NOTA GENERAL
Nota general O207
650 14 - PUNTO DE ACCESO ADICIONAL DE MATERIA--TÉRMINO DE MATERIA
Término de materia o nombre geográfico como elemento de entrada Iluminación de libros y manuscritos
Subdivisión general Especimenes, reproducciones, etc.
9 (RLIN) 7874
902 ## - CATALOGADOR
Iniciales GFM
942 ## - ELEMENTOS DE PUNTO DE ACCESO ADICIONAL (KOHA)
Fuente del sistema de clasificación o colocación Library of Congress Classification
Tipo de ítem Koha Libros
Holdings
Estado de retiro Estado de pérdida Estado dañado No para préstamo Localización permanente Ubicación/localización actual Fecha de adquisición Número de inventario Total de préstamos Signatura topográfica completa Código de barras Fecha visto por última vez Precio válido a partir de Tipo de ítem Koha
El ejemplar forma parte de la colección y puede ser consultado según las políticas vigentes.       Biblioteca del Museo Franz Mayer (Rogerio Casas-Alatriste) Biblioteca del Museo Franz Mayer (Rogerio Casas-Alatriste) 22/11/2011 O207   ND3143 .F75 (O207) 7422 22/03/2019 22/03/2019 Libros